Pacific Basin enterprise and the changing law of the sea

Contents: introduction; the seabed issue; coastal zone juridictional issues; significant law of the sea positions taken; the noudle mining industry,...

Kaydedildi:
Detaylı Bibliyografya
Yazar: Sullivan, Jeremiah J.
Materyal Türü: Kitap
Dil:Undetermined
Baskı/Yayın Bilgisi: Lexington, Mass Lexington Books 1977
Konular:
Etiketler: Etiketle
Etiket eklenmemiş, İlk siz ekleyin!
Thư viện lưu trữ: Trung tâm Học liệu Trường Đại học Cần Thơ
LEADER 00746nam a2200193Ia 4500
001 CTU_219261
008 210402s9999 xx 000 0 und d
082 |a 341.448 
082 |b S949 
100 |a Sullivan, Jeremiah J. 
245 0 |a Pacific Basin enterprise and the changing law of the sea 
245 0 |c Jeremiah J. Sullivan 
260 |a Lexington, Mass 
260 |b Lexington Books 
260 |c 1977 
520 |a Contents: introduction; the seabed issue; coastal zone juridictional issues; significant law of the sea positions taken; the noudle mining industry,... 
650 |a Ocean bottom (Maritime law),Đáy đại dương (luật Hàng hải) 
904 |i Trúc 
980 |a Trung tâm Học liệu Trường Đại học Cần Thơ